| 000 | 01516pam a2200421 a 4500 | ||
|---|---|---|---|
| 999 |
_c5184 _d5184 |
||
| 001 | 3054059 | ||
| 003 | OSt | ||
| 005 | 20250821111225.0 | ||
| 008 | 960814s1996 nyu b 000 0 eng | ||
| 010 | _a 96038467 | ||
| 020 |
_a0486292908 _qpbk. |
||
| 020 |
_a9780486292908 _q(pbk.) |
||
| 035 | _a3054059 | ||
| 040 |
_aDLC _cDLC _dDLC _dKH8 |
||
| 082 | 0 | 0 |
_a822.3 SHA _220 |
| 100 | 1 |
_aShakespeare, William, _d1564-1616, _eauthor. |
|
| 245 | 1 | 0 |
_aTwelfth night, or, What you will / _cWilliam Shakespeare ; [edited by Candace Ward]. |
| 246 | 3 | 0 | _aTwelfth night |
| 246 | 3 | 0 | _aWhat you will |
| 250 | _aDover ed. | ||
| 260 |
_aMineola, N.Y. : _bDover Publications, _c1996. |
||
| 300 |
_aviii, 71 p. ; _c22 cm. |
||
| 336 |
_atext _btxt _2rdacontent |
||
| 337 |
_aunmediated _bn _2rdamedia |
||
| 338 |
_avolume _bnc _2rdacarrier |
||
| 440 | 0 | _aDover thrift editions | |
| 500 | _a"Contains the unabridged text ... as published in volume VI of The Caxton Edition of the Complete Works of William Shakespeare ... explanatory footnotes from the Caxton edition have been supplemented and revised"--T.p. verso. | ||
| 504 | _aIncludes bibliographical references. | ||
| 650 | 0 |
_aShipwreck survival _vDrama. |
|
| 650 | 0 |
_aSiblings _vDrama. |
|
| 650 | 0 |
_aMistaken identity _vDrama. |
|
| 650 | 0 |
_aTwins _vDrama. |
|
| 651 | 0 |
_aIllyria _vDrama. |
|
| 655 | 7 |
_aComedies. _2gsafd |
|
| 655 | 7 |
_aDrama. _2lcgft _0https://id.loc.gov/authorities/genreForms/gf2014026297 |
|
| 700 | 1 |
_aWard, Candace, _eeditor. |
|
| 942 |
_2ddc _cTR |
||